Normal view
MARC view
Entry Personal Name
001 - CONTROL NUMBER
- control field: 262803
003 - CONTROL NUMBER IDENTIFIER
- control field: OSt
005 - DATE AND TIME OF LATEST TRANSACTION
- control field: 20260427101359.0
008 - FIXED-LENGTH DATA ELEMENTS
- fixed length control field: 260427|| aca||aabn | a|a d
040 ## - CATALOGING SOURCE
- Original cataloging agency: OSt
- Transcribing agency: OSt
100 ## - HEADING--PERSONAL NAME
- Personal name: Jain D K
670 ## - SOURCE DATA FOUND
- Source citation: Work cat.: (OSt)241361: Jain D K, Bharats guide to insolvency and bankruptcy code Ed 4 Vol 1, 2024